| 000 | 00878nam a22001697a 4500 | ||
|---|---|---|---|
| 008 | 090825t xxu||||| |||| 00| 0 eng d | ||
| 020 | _a9770191213 | ||
| 082 |
_220 _a327.620 _bأ ب و |
||
| 100 |
_98619 _aأبو طالب, حسن. |
||
| 245 |
_aعروبة مصر بين التاريخ والسياسة / _cحسن أبو طالب. |
||
| 260 |
_aالقاهرة : _bالهيئة المصرية العامة للكتاب , _c2004. |
||
| 300 |
_a144 ص ؛ _c20 سم. |
||
| 650 |
_98615 _aالقومية العربية. |
||
| 942 |
_2ddc _cBB |
||
| 999 |
_c12693 _d12693 |
||